00529nam a2200145Ia 4500008004100000024003200041082002300073100003500096245003700131260002500168600002100193650003800214952011400252999001700366250506s9999 xx 000 0 und d a13B-120-BS & 13B-078-BS a651.5028566072 SAQ aMuhammad Saqib & Maheen Sultan 0aNCEAC Document Management System aKarachi:bUIT,c2013 aComputer Science aBachelor of Computer Science (BS) 001040708PR-CSaUITUbUITUd2022-07-26l0o651.5028566072 SAQpBS-387r2025-05-06 11:34:05w2025-05-06yPR c27597d27597